| 000 | 00546nam a22001817a 4500 | ||
|---|---|---|---|
| 005 | 20251108165320.0 | ||
| 008 | 250721s2004 xx 000 0 ara d | ||
| 020 | _a9773422003 | ||
| 082 | 1 | 4 | _a217/محم |
| 100 | 1 |
_aمحمد، علي جمعة _eمؤلف |
|
| 245 | 1 | 0 | _aالمدخل إلى دراسة المذاهب الفقهية / |
| 264 | 1 |
_aالقاهرة : _bدار السلام، _c2004. |
|
| 300 | _a374ص. | ||
| 650 | 1 | 7 | _aالفقه الاسلامي |
| 650 | 1 | 7 | _aالمذاهب الدينيه |
| 942 |
_2ddc _cBK |
||
| 999 |
_c24889 _d24889 |
||